LEADER 01323nam a2200313 u 4500 001 000000049754 003 CaOOAMICUS 005 20070226115139.0 008 000710s2000 it u000 u ita u 020 $a8814080453 035 $a10851980 040 $aPUL$bita 100 1 $aDammacco, Renato.$0(OLS)http://pul/name/35930 245 13$aLe società di persone :$baspetti civilisti, adempimenti contabili, amministrativi e fiscali /$cRenato Dammacco, Salvatore Dammacco. 250 $a2. ed. 260 $aMilano :$bGiuffrè,$c2000. 300 $axiii, 358 p. ;$c24 cm 490 1 $aCosa & come.$aSocietà 504 $aBibliografia in nota. 650 4$aSocietà.$0(OLS)http://pul/subject/7210 700 1 $aDammacco, Salvatore.$0(OLS)http://pul/name/35931 830 0$aCosa & come.$pSocietà.$0(OLS)http://pul/title/67043 850 $aPUL 852 $aPUL$W1$xSL Diritto e Scienze Sociali 1$y4$m176 C 50$j66053$nBK-PRI$b $qStampati$B66053$CPULBib$Z2$F66053 $H $81 941 1 $a8 961 $aINV: 82015 996 $6020$a8814080453$9(OLS)http://pul/number/62927 996 $6245$aLe società di persone :$baspetti civilisti, adempimenti contabili, amministrativi e fiscali$9(OLS)http://pul/title/67042 996 $6260$aMilano :$bGiuffrè$9(OLS)http://pul/publisher/48401 LEADER 01764nam a2200349 u 4500 001 000000008945 003 CaOOAMICUS 005 20070226105141.0 008 941219m19801984fr u000 u fre u 020 $a2204016659 (v. 1) :$c245F 035 $a10227599 040 $aPUL$bita 041 1 $afre$agrc 100 0 $aTheodoretus,$cvesc. di Ciro,$dc. 393-458.$0(OLS)http://pul/name/8936 240 10$aHerm?neia eis ton proph?t?n ?saian$9(Theodoretus, vesc. di Ciro, c. 393-458).$lFrancese e greco.$0(OLS)http://pul/title/13151 245 10$aCommentaire sur Isaïe ... /$cThéodoret de Cyr ; introduction, texte critique, traduction et notes par Jean-Noël Guinot. 260 $aParis :$bLes Éditions du Cerf,$c1980-1984. 300 $a3 v. ;$c20 cm 490 1 $aSources chrétiennes ;$v276, 295, 315 500 $aGreek text, with French translation on facing pages; critical material in French. 504 $aIncludes bibliographies and indexes. 505 0 $at. 1. Sections 1-3 -- t. 2. Sections 4-13 -- t. 3. Sections 14-20. 630 00$aBible.$pO.T.$pIsaiah$xCommentaries.$2//eng$0(OLS)http://pul/subject/7483 700 1 $aGuinot, Jean-Noël.$0(OLS)http://pul/name/3052 830 0$aSources chrétiennes,$x0750-1978 ;$v276, 295, 315.$0(OLS)http://pul/title/45 850 $aPUL 852 $aPUL$W1$xSL Religione 2$y84$mTheol E3 276.295.315$j12614$nBK-PRI$b $qStampati altre collocazioni$B12614$CPULBib$Z2$F12614 $H $81 941 1 $a10 961 $aINV: 49021,50718,53658 996 $6020$a2204016659 (v. 1) :$c245F$9(OLS)http://pul/number/11522 996 $6245$aCommentaire sur Isaïe ...$9(OLS)http://pul/title/13152 996 $6260$aParis :$bLes Éditions du Cerf$9(OLS)http://pul/publisher/47861